| 000 | 00447nam a2200193Ia 4500 | ||
|---|---|---|---|
| 005 | 20240823040340.0 | ||
| 008 | 240823s9999||||xx |||||||||||||| ||und|| | ||
| 020 | _a978-81-8368-637-2 | ||
| 041 | _aTAMIL | ||
| 082 | _A920 P7 | ||
| 100 | _aMuthukumar R | ||
| 245 | 0 | _aMaha Alexander | |
| 250 | _a1st | ||
| 260 |
_c2007 _b"Kizhakku Pathippagam,Ch" _aChennai |
||
| 500 | _aYES | ||
| 650 |
_aGeneral _bGeneral |
||
| 942 | _cBK | ||
| 999 |
_c202892 _d202892 |
||